Statistiche per Riconosci lo Stato - Quiz n°15

Clicka qui per fare il quiz!

Statistiche generali

  • Questo quiz è stato fatto 18 volte
  • Il punteggio medio è 11 su 13

Statistiche sulle risposte

IndizioRisposta% Corretto
Iniziale della CapitaleP
100%
Presidente della RepubblicaNikenike Vurobaravu
94%
ValutaVatu
94%
Indipendenza30 luglio 1980 dal Regno Unito e dalla Francia
88%
Superficie12.189 km²
82%
Fuso OrarioUTC+11
82%
ISU0,607
76%
Tasso di crescita2,12%
76%
Popolazione307.815 ab.
76%
PIL (nominale)957 milioni di $ (2018)
76%
Forma di GovernoRepubblica parlamentare
76%
Presidente del ConsiglioCharlot Salwai
71%
RispostaVanuatu
71%

Distribuzione punteggi

Percentile per numero di risposta

Percentuale di utenti per punteggio

I tuoi punteggi nel tempo

Non hai fatto questo quiz